| 000 | 01349nam a2200217Ia 4500 | ||
|---|---|---|---|
| 001 | 261 | ||
| 005 | 20251205091840.0 | ||
| 008 | 251203t2005||||xx |||||||||||||| ||spa|| | ||
| 041 | _aESP | ||
| 082 |
_aRO 985 _bB26 |
||
| 100 |
_aBasadre Grohmann, Jorge, _cAUT |
||
| 245 | 0 |
_aHistoria de la república del Perú (1822-1933) : _bTomos 1-18 |
|
| 250 | _aPrimera edición | ||
| 260 |
_aLima : _bOrbis Ventures, _c2005 |
||
| 300 |
_a301 páginas : _b ilustraciones ; _c 29 cm. |
||
| 505 | _aContiene: Tomo1-3. La época fundacional de la República, 1822-1842; Tomo 4-6. La falaz prosperidad del guano, 1842-1866; Tomo 7-8. La crisis económica y hacendaria anterior a la guerra con Chile, 1864-1878; Tomo 9. La guerra con Chile, 1879-1883; Tomo 10-11. El comienzo de la reconstrucción, 1884-1895; Tomo 12-13. La República aristocrática, 1895-1919; Tomo 14. El Oncenio, 1919-1930; Tomo 15-16. El comienzo de la irrupción de las masas organizadas en la política, 1930-1933; Tomo 17. Breves notas relacionadas con la educación, la ciencia y la cultura entre 1895-1933; Los resultados de la experiencia histórica peruana y las perspectivas abiertas en el siglo XX; Tomo 18. Historia de la República del Perú, 1993-2000. | ||
| 650 | _aGEH | ||
| 653 | _aPerú - Historia - República, 1825-; Colección | ||
| 654 | _aCTP | ||
| 942 |
_cLIB _dJUS _fMAT _2ddc |
||
| 999 |
_c261 _d261 |
||